Lexikon Des Mittel Alters 1. časť

Bibliographic Details
Format: Book
Language:Undetermined
PhysicalDescription:275 s.
Published: München Artemis Verlag 1978
Edition:1. vyd.

MARC

LEADER 00000nam a2200000 a 4500
001 vtls001483304
003 SK-MaSNL
005 20260223133915.0
008 210928s1978 xx 0 und
035 |a SNK000438599 
040 |a SNK  |b slo  |c SNK  |e AACR2 
245 1 |a Lexikon Des Mittel Alters  |n 1. časť 
250 |a 1. vyd. 
260 |a München  |b Artemis Verlag  |c 1978 
300 |a 275 s. 
958 |a OND 
999 |c 560139  |d 562069 
952 |t P60, <04>, [BOOK], {604}  |a SNK  |b SNK  |y VYP  |7 0  |p 17A0445677  |o snkIB 43350/1/3  |i snkV 1922/80  |0 0  |1 0  |4 0  |d 2004-10-11  |l 0  |r 2005-01-02 00:00:00  |w 2026-02-23